000
00247nam a22001217a 4500
003
SGT
082
_a
537, HAY
100
_a
W H HAYT
245
_a
ENGINEERING ELECTROMAGNETICS
250
_a
8th
260
_a
NEW DELHI
_b
TMH
_c
2014
942
_2
ddc
_c
CD
999
_c
10892
_d
10892